University Home | Library Home | Institutional Repository

Physician's manual. (Record no. 159021)

MARC details
000 -LEADER
fixed length control field 00969cam0a220025300 4500
001 - CONTROL NUMBER
control field tmp15682801
003 - CONTROL NUMBER IDENTIFIER
control field UPRA
005 - DATE AND TIME OF LATEST TRANSACTION
control field 20190826090354.0
008 - FIXED-LENGTH DATA ELEMENTS--GENERAL INFORMATION
fixed length control field 951003s1973 dcu eng u
035 ## - SYSTEM CONTROL NUMBER
System control number (Sirsi) r59278
035 ## - SYSTEM CONTROL NUMBER
System control number (UPRA)tmp15682801
040 ## - CATALOGING SOURCE
Transcribing agency UPRA
100 1# - MAIN ENTRY--PERSONAL NAME
Personal name Branch, Benjamin N.
Linkage A18607.1
245 10 - TITLE STATEMENT
Title Physician's manual.
246 3# - VARYING FORM OF TITLE
Title proper/short title Physiciants manual
250 ## - EDITION STATEMENT
Edition statement 2nd ed. / standard medical procedures by Benjamin N. Branch, Jane E. Hodgson and E. James Lieberman.
Remainder of edition statement 2nd ed. / standard medical procedures by Benjamin N. Branch, Jane E. Hodgson and E. James Lieberman.
260 ## - PUBLICATION, DISTRIBUTION, ETC.
Place of publication, distribution, etc. Washington, DC :
Name of publisher, distributor, etc. Preterm,
Date of publication, distribution, etc. 1973.
650 #0 - SUBJECT ADDED ENTRY--TOPICAL TERM
Topical term or geographic name entry element Medicine -- Handbooks, manuals, etc.
General subdivision Medicine -- Handbooks, manuals, etc.
Linkage S146.2
700 1# - ADDED ENTRY--PERSONAL NAME
Personal name Hodgeson, Jane E.
Linkage A18608.1
700 1# - ADDED ENTRY--PERSONAL NAME
Personal name Lieberman.
Linkage A18609.1
949 ## - LOCAL PROCESSING INFORMATION (OCLC)
a R119
w lcc
m MAIN
t BOOK
l ON-SHELF
987 ## - LOCAL ROMANIZATION/CONVERSION HISTORY (OCLC)
Romanization/conversion identifier Holdings : use?
Agency that converted, created or reviewed only copy on card is marked missing.

No items available.

© 2026 - The University of Zambia Library - Koha v25.11